000 01116nam a2200325 i 4500
001 000005798
003 DO-SdBNP
005 20240702134641.0
007 ta
008 090824s2009 dr a r 000 0 spa d
020 _a9789945162998
040 _aDO-SdBNP
_bspa
_cBNPHU
_erda
082 4 _a101
_bJ58m
_222
100 1 _aJesús Ulerio, Luis Felipe de,
_d1970-
_91334
_eautor
245 1 0 _aManual de introducción a la filosofía /
_cLuis F. de Jesús Ulerio, Héctor A. Valera, Eduardo R. Rivas.
264 _aSanto Domingo :
_bBúho,
_c2009.
300 _a145 páginas :
_bilustraciones;
_c23 cm.
336 _2rdacontent
_atexto
_btxt
337 _2rdamedia
_asin mediación
_bn
338 _2rdacarrier
_avolumen
_bnc
500 _aLa biblioteca posee la reimpresión del 2015
504 _aBibliografía : páginas 141-143.
590 _aInventariado, 2018 /LP
650 4 _aFilosofía
_xEnseñanza
_9527
650 4 _aFilosofía
_xLibros de texto
_91214
700 1 2 _aValera, Héctor A.
_916400
700 1 2 _aRivas, Eduardo R.
_916401
910 _aValidado. Control de calidad. MMOLINA
942 _2ddc
_cLBS1
999 _c5594
_d5594